| 000 | 00535nam a2200181 a 4500 | ||
|---|---|---|---|
| 005 | 20140311163003.0 | ||
| 008 | 970101s19uu xx 00 eng d | ||
| 050 |
_aQA 76.76 _b.W115 1994 |
||
| 245 |
_aWACOM'S biggest little art tablet : _bArt Pad version 1.0. / |
||
| 260 |
_aVancover, Wa : _bWACOM Technology Corp, _c1994. |
||
| 300 |
_a48 p. : _bill. ; _c22 cm. |
||
| 521 | _aIT | ||
| 650 | _aComputer graphics | ||
| 650 | _aWINDOWS (Computer file) | ||
| 650 | _aDOS (Computer file) | ||
| 942 |
_cBK _2lcc _kFOR |
||
| 999 |
_c39243 _d39243 |
||